000 01155nam a22002417a 4500
003 OSt
005 20210317140730.0
008 210317s2000 ck ||||fr|||| 00| 0 spa d
020 _a9588087198
040 _aCO-JMCR
_cCO-JMCR
041 0 _aspa
082 0 4 _a346.861024 /
_bE746c
_223
100 1 _aEscobar Henriquez, Alvaro B.,
_eautor
_932313
245 1 3 _aEl contrato estatal de obra :
_bdescripción cláusulas comentarios críticas /
_cAlvaro B. Escobar Henriquez
260 _aBogotá :
_bEdiciones Jurídicas Gustavo Ibañez,
_c2000
300 _a358 páginas ;
_c25 cm.
500 _aIncluye notas a pie de página.
504 _aBibliografía: páginas 357-358
505 0 _aEl contrato estatal -- El contrato de obra -- Selección del contratista -- Cláusulas excepcionales al derecho común -- Comentarios críticos a los actuales procesos de selección del contratista. Prácticas contractuales y legales e inconvenientes -- Propuestas de trabajo para la solución de algunos problemas de la contratación
650 1 4 _aContratos administrativos
_zColombia
_99521
650 1 4 _aContratos de obra
_zColombia
_936241
942 _2ddc
_cBK
999 _c15415
_d15415